000
00210nam a2200097Ia 4500
008
240331s9999 xx 000 0 und d
082
_b
CHI
100
_a
Chithran
245
0
_a
Manadhi unadhu aadhikkam
942
_c
L
999
_c
4709
_d
4709